World geography
| Main Author: | |
|---|---|
| Other Authors: | |
| Format: | Book |
| Published: |
Evanston, Ill. :
McDougal, Littell & Co. ,
1986
|
| Subjects: |
MARC
| LEADER | 00000cam a2200000 7i4500 | ||
|---|---|---|---|
| 001 | 0000000740 | ||
| 005 | 20020306.0 | ||
| 020 | 0 | 0 | |a 0866091467 |
| 090 | 0 | 0 | |a 910 |b BAC 1986 |
| 100 | 1 | 0 | |a BACKLER |h Alan |
| 245 | 1 | 0 | |a World geography |c Alan Backler, Stuart Lazarus |
| 260 | 0 | 0 | |a Evanston, Ill. : |b McDougal, Littell & Co. , |c 1986 |
| 300 | |a x, 579 p. : |b ill.(some col.), maps ; |c 26 cm. | ||
| 500 | 0 | 0 | |a Includes index |
| 650 | 0 | 0 | |a Geography |
| 700 | 0 | 1 | |a LAZARUS |h Stuart |
| 998 | |a JPSM | ||
| 999 | |a 0000000357 |b Monograph |c Open Shelf |e Default branch | ||